[Event "Kingston op"]
[Site "Kingston"]
[Date "2002.02.10"]
[Round "5"]
[White "Talajic, Milenko"]
[Black "Brice, Ron"]
[Result "1/2-1/2"]
[WhiteElo "2007"]
[BlackElo "2139"]
[PlyCount "68"]
[EventDate "2002.02.08"]
[EventType "swiss"]
[EventRounds "5"]
[EventCountry "CAN"]
[SourceTitle "EXT 2022"]
[Source "ChessBase"]
[SourceDate "2021.10.06"]
[SourceVersion "1"]
[SourceVersionDate "2021.10.06"]
[SourceQuality "1"]

1. d4 Nf6 2. c4 c5 3. e3 g6 4. Nf3 Bg7 5. Nc3 0-0 6. Be2 b6 7. 0-0 d6 8. d5 Bg4 9. h3 Bxf3 10. Bxf3 Nbd7 11. e4 a6 12. Be2 Qc7 13. Qc2 e6 14. Rb1 exd5 15. Nxd5 Nxd5 16. exd5 Qd8 17. b3 Re8 18. Bb2 Bxb2 19. Qxb2 Re5 20. Qd2 Qe7 21. Bf3 Re8 22. a3 Nf6 23. b4 Ne4 24. Bxe4 Rxe4 25. bxc5 bxc5 26. Rfc1 Qh4 27. Qc3 Re2 28. Qf3 Qg5 29. g3 a5 30. h4 Qd2 31. Qf6 a4 32. Rf1 Qa2 33. Rb7 Rf8 34. Qxd6 Qxc4 1/2-1/2

[Event "Ottawa RA Winter op"]
[Site "Ottawa"]
[Date "1990.01.14"]
[Round "5"]
[White "Talajic, Milenko"]
[Black "Brodie, Hugh"]
[Result "1/2-1/2"]
[WhiteElo "1949"]
[BlackElo "1971"]
[PlyCount "122"]
[EventDate "1990.01.13"]
[EventType "swiss"]
[EventRounds "5"]
[EventCountry "CAN"]
[SourceTitle "EXT 2022"]
[Source "ChessBase"]
[SourceDate "2021.10.06"]
[SourceVersion "1"]
[SourceVersionDate "2021.10.06"]
[SourceQuality "1"]

1. d4 e6 2. c4 Bb4+ 3. Bd2 Qe7 4. Nf3 f5 5. a3 Bxd2+ 6. Qxd2 Nf6 7. Nc3 b6 8. g3 Bb7 9. Bg2 0-0 10. 0-0 d6 11. Rad1 Ne4 12. Qd3 Nd7 13. Nd2 Nxc3 14. Qxc3 Bxg2 15. Kxg2 f4 16. e3 fxg3 17. hxg3 e5 18. Rh1 Rae8 19. Rh4 Qf6 20. Rf1 exd4 21. Qxd4 Qxd4 22. Rxd4 Ne5 23. b4 a6 24. Rh1 Rf7 25. Rhh4 Ref8 26. f4 Ng6 27. Rh1 Re7 28. e4 Rfe8 29. Rc1 Kf7 30. Kf3 Nf8 31. Rd1 Ke6 32. g4 h6 33. a4 Kd7 34. f5 Kc6 35. b5+ Kb7 36. Kf4 Rf7 37. Kg3 Nd7 38. Kh4 Nc5 39. g5 hxg5+ 40. Kxg5 Nxa4 41. bxa6+ Ka7 42. Kg6 Ree7 43. Nf3 Nc5 44. Re1 Kxa6 45. Kg5 Ne6+ 46. Kg4 Nxd4 47. Nxd4 Rf6 48. Nc6 Re8 49. Nb4+ Kb7 50. Nd5 Rh6 51. Kg5 Reh8 52. Ne7 Rh2 53. Kg6 R8h7 54. Ng8 Kc8 55. e5 dxe5 56. Rxe5 Kd8 57. Re4 R7h4 58. Re6 Rg2+ 59. Kf7 Rxc4 60. Ne7 Rf4 61. Re5 c5 1/2-1/2